Southville International School and Colleges
Your cart is empty.
  • Cart
  • Lists
    Public lists Eva Luna New books Lux_list list_1
    Your lists Log in to create your own lists
  • Log in to your account
  • Your cookies
  • Search history
Southville International School and Colleges
  • Advanced search
  • Recent comments
  • Most popular
  • Libraries

Log in to your account

Log in with GOOGLE


If you do not have an external account, but do have a local account, you can still log in:

  1. Home
  2. MARC view: Digital analytics for marketing /
Normal view MARC view ISBD view

Digital analytics for marketing / (Record no. 366616)

[ view plain ]
MARC details
000 -LEADER
fixed length control field 02166nam a22002537a 4500
003 - CONTROL NUMBER IDENTIFIER
control field 0
005 - DATE AND TIME OF LATEST TRANSACTION
control field 20241026083730.0
008 - FIXED-LENGTH DATA ELEMENTS--GENERAL INFORMATION
fixed length control field 241026b xxu||||| |||| 00| 0 eng d
020 ## - INTERNATIONAL STANDARD BOOK NUMBER
International Standard Book Number 9780367456412
050 ## - LIBRARY OF CONGRESS CALL NUMBER
Classification number HF 5415.1265
Item number .F47 2024
100 ## - MAIN ENTRY--PERSONAL NAME
Personal name Forez, A. Karim,
Relator term author.
245 ## - TITLE STATEMENT
Title Digital analytics for marketing /
Statement of responsibility, etc A. Karim Feroz, Gohar F. Khan and Marshall Sponder.
250 ## - EDITION STATEMENT
Edition statement 2nd ed.
260 ## - PUBLICATION, DISTRIBUTION, ETC. (IMPRINT)
Place of publication, distribution, etc New York, NY :
Name of publisher, distributor, etc Routledge,
Date of publication, distribution, etc 2024.
300 ## - PHYSICAL DESCRIPTION
Extent xii, 307 p. :
Other physical details ill. ;
Dimensions 26 cm.
490 ## - SERIES STATEMENT
Series statement Mastering business analytics.
504 ## - BIBLIOGRAPHY, ETC. NOTE
Bibliography, etc Includes bibliographical references and index.
520 ## - SUMMARY, ETC.
Summary, etc "This second edition of Digital Analytics for Marketing provides students with a comprehensive overview of the tools needed to measure digital activity and implement best practices when using data to inform marketing strategy. It is the first text of its kind to introduce students to analytics platforms from a practical marketing perspective. Demonstrating how to integrate large amounts of data from web, digital, social, and search platforms, this helpful guide offers actionable insights into data analysis, explaining how to "connect the dots" and "humanize" information to make effective marketing decisions. The authors cover timely topics, such as social media, web analytics, marketing analytics challenges, and dashboards, helping students to make sense of business measurement challenges, extract insights, and take effective actions. The book's experiential approach, combined with chapter objectives, summaries, and review questions, will engage readers, deepening their learning by helping them to think outside the box. Filled with engaging, interactive exercises, and interesting insights from industry experts, this book will appeal to undergraduate and postgraduate students of digital marketing, online marketing, and analytics. Online support materials for this book include an instructor's manual, test bank, and PowerPoint slides"--Provided by publisher.
650 ## - SUBJECT ADDED ENTRY--TOPICAL TERM
Topical term or geographic name as entry element Internet marketing.
650 ## - SUBJECT ADDED ENTRY--TOPICAL TERM
Topical term or geographic name as entry element Social media.
700 ## - ADDED ENTRY--PERSONAL NAME
Personal name Khan, Gohar F.,
Relator term author.
700 ## - ADDED ENTRY--PERSONAL NAME
Personal name Sponder, Marshall,
Relator term author.
942 ## - ADDED ENTRY ELEMENTS (KOHA)
Source of classification or shelving scheme Library of Congress Classification
Koha item type Books
Holdings
Withdrawn status Lost status Source of classification or shelving scheme Damaged status Home library Current library Shelving location Date acquired Source of acquisition Sub Shelving location Total Checkouts Full call number Barcode Date last seen Price effective from Koha item type
    Library of Congress Classification   College Library College Library Reserve Section 10/26/2024 Library Fund     HF 5415.1265 .F47 2024 C23870 10/26/2024 10/26/2024 Books

Digital analytics for marketing /

APA

Forez A. K., Khan G. F. & Sponder M. (2024). Digital analytics for marketing. New York, NY: Routledge.

Chicago

Forez A Karim, Khan Gohar F and Sponder Marshall. 2024. Digital analytics for marketing. New York, NY: Routledge.

Harvard

Forez A. K., Khan G. F. and Sponder M. (2024). Digital analytics for marketing. New York, NY: Routledge.

MLA

Forez A Karim, Khan Gohar F and Sponder Marshall. Digital analytics for marketing. New York, NY: Routledge. 2024.

  • Place hold
  • Print
  • Cite
  • Add to your cart (remove)
  • Save record
    BIBTEX Dublin Core MARCXML MARC (non-Unicode/MARC-8) MARC (Unicode/UTF-8) MARC (Unicode/UTF-8, Standard) MODS (XML) RIS
  • More searches
    Search for this title in:
    Other Libraries (WorldCat) Other Databases (Google Scholar) Online Stores (Bookfinder.com) Open Library (openlibrary.org)

Exporting to Dublin Core...

SOUTHVILLE LIBRARY

Southville International School and Colleges Library

1281 Tropical Ave. Cor. Luxembourg St., BF Homes International, Las Pinas City

Tel. No. 8256374 / 252358 Loc. 117/146

Powered by Koha